000 00817nam a2200277 a 4500
999 _c9744
_d9744
001 9744
003 BD-JhCC
005 20180324172813.0
008 180324s1974 stk 00000 eng d
020 _a0902859218
_cL.1.75
035 _a(BD-JhCC)9744
035 _a1178838
040 _aBD-JhCC
_dBD-JhCC
041 _aeng
050 0 0 _aPR1225
_b.V64
082 0 _a821/.9/1208
_bVOI 1953
245 0 0 _aVoice and verse :
_ba jubilee anthology /
_ccompiled by Alice V. Stuart and Charles Graves.
260 _aEdinburgh :
_bCambridge at the University Press,
_c1953.
300 _a86p. ;
_c20 cm.
650 0 _aEnglish poetry
_y20th century.
700 1 _aStuart, Alice V.
700 1 _aGraves, Charles.
710 2 _aScottish Association for the Speaking of Verse.
942 _2ddc
_cBK